First approach to economics (Record no. 437977)

000 -LEADER
fixed length control field 00321cam a22001217a 4500
008 - FIXED-LENGTH DATA ELEMENTS--GENERAL INFORMATION
fixed length control field 180718b1955 xxu||||| |||| 00| 0 eng d
082 ## - DEWEY DECIMAL CLASSIFICATION NUMBER
Classification number T1 M821
100 ## - MAIN ENTRY--PERSONAL NAME
Personal name Morgan, E. Victor
245 ## - TITLE STATEMENT
Title First approach to economics
Statement of responsibility, etc. by E. Victor Morgan
260 ## - PUBLICATION, DISTRIBUTION, ETC.
Place of publication, distribution, etc. London
Name of publisher, distributor, etc. ISAAC
Date of publication, distribution, etc. 1955
300 ## - PHYSICAL DESCRIPTION
Extent viii,456p.
650 ## - SUBJECT ADDED ENTRY--TOPICAL TERM
Topical term or geographic name entry element Economics
Holdings
Withdrawn status Lost status Damaged status Not for loan Permanent Location Current Location Date acquired Full call number Barcode Date last seen Price effective from Koha item type
        Indian Institute of Public Administration Indian Institute of Public Administration 2010-03-30 T1 M821 1667 2018-07-21 2018-07-21 Book

Powered by Koha